000 01202nam a2200301 i 4500
003 EG-GICUC
005 20260121101226.0
008 251116b1977 ua ||||f |||| 00| 0 ara d
040 _a EG-GICUC
_c EG-GICUC
_d EG-GICUC
_erda
_bara
041 _aara
082 0 4 _221
_a351
_bف ت . ح
092 0 4 _221
099 _aLaw1 09 351 ف ت . ح 1977
100 0 _aفتوح محمود أبو العزم
_eمؤلف.
245 _aحركة العلاقات الإنسانية في الإدارة /
_cالدكتور فتوح محمود أبو العزم.
264 _aالقاهرة :
_bجامعة الدول العربية-المنظمة العربية للعلوم الإدارية، مركز البحوث الإدارية،
_c1977.
300 _a38 صفحة ؛
_c24 سم.
336 _2rda content
_atext
337 _2rda media
_aComputer
338 _2rda carrier
_aOnline Resource
490 _v208
504 _aيشتمل على إرجاعات ببليوجرافية
546 _aالنص باللغة العربية
650 1 _2qrmak
_aالإدارة العامة
856 4 0 _uhttps://fll.law.cu.edu.eg/fulltext/bks/B09-00600.pdf
905 _aWesam Mahmoud
942 _2ddc
_n0
_cBK
_e21
999 _c43510
_d43510